[Event "Angers op 14th"]
[Site "Angers"]
[Date "2019.06.01"]
[Round "4"]
[White "Demey, Pierre"]
[Black "Mas, Victor"]
[Result "0-1"]
[WhiteElo "1721"]
[BlackElo "2125"]
[PlyCount "80"]
[EventDate "2019.05.31"]
[EventType "swiss"]
[EventRounds "6"]
[EventCountry "FRA"]
[SourceTitle "CBM 190 Extra"]
[Source "ChessBase"]
[SourceDate "2019.07.15"]
[SourceVersion "1"]
[SourceVersionDate "2019.07.15"]
[SourceQuality "1"]

1. e4 e5 2. Nf3 Nf6 3. Nxe5 d6 4. Nf3 Nxe4 5. Nc3 Nxc3 6. dxc3 Be7 7. Be3 Nc6 8. Qd2 Be6 9. 0-0-0 Bxa2 10. b3 a5 11. Bb5 a4 12. Bxa4 Rxa4 13. bxa4 Qa8 14. Qd3 0-0 15. Qb5 d5 16. Qd3 Na5 17. Kd2 Nc4+ 18. Ke1 Nb2 19. Qf5 Nxd1 20. Kxd1 Qxa4 21. Re1 Bf6 22. Bc5 Ra8 23. Bd4 Qc6 24. Bxf6 Qxf6 25. Qd7 Qd8 26. Qf5 h6 27. Ne5 Qf6 28. Qd7 Qxf2 29. Nd3 Qf6 30. Qxc7 Bc4 31. Qxb7 Ra1+ 32. Nc1 Qf4 33. Qb2 Qg4+ 34. Kd2 Qxg2+ 35. Ke3 Ra8 36. Nd3 Re8+ 37. Kd4 Rxe1 38. Qb8+ Kh7 39. Nxe1 Qf2+ 40. Ke5 Qxh2+ 0-1